Planning and open space in Scotland (Record no. 72000)

MARC details
000 -LEADER
fixed length control field 01093cam a2200205 4500
001 - CONTROL NUMBER
control field WB3904-19
008 - FIXED-LENGTH DATA ELEMENTS--GENERAL INFORMATION
fixed length control field 030129n2003 000 0 eng u
035 ## - SYSTEM CONTROL NUMBER
System control number (Sirsi) u121172
245 ## - TITLE STATEMENT
Title Planning and open space in Scotland
260 ## - PUBLICATION, DISTRIBUTION, ETC.
Date of publication, distribution, etc. 2003
490 ## - SERIES STATEMENT
Series statement Scottish Executive News Release
Volume/sequential designation 29 January 2003, (2)
520 ## - SUMMARY, ETC.
Summary, etc. Planning advice note 65 "Planning and open space" has been published by the Scottish Executive. PAN 65 highlights good practice and outlines ways in which planning authorities can carry out an analysis wthin their area. It also deals with the provision and maintenance of quality spaces and the preparation of open space strategies. PAN 65 is available at http://www.scotland.gov.uk/library5/planning/pan65-00.asp or copies can be ordered from the Planning Helpline t +44 (0)8457 741741 http://www.scotland.gov.uk/pages/news/2003/01/SESJ164.aspx
590 ## - LOCAL NOTE (RLIN)
Local note WB
650 ## - SUBJECT ADDED ENTRY--TOPICAL TERM
Topical term or geographic name entry element SCOTLAND
650 ## - SUBJECT ADDED ENTRY--TOPICAL TERM
Topical term or geographic name entry element PLANNING ADVICE NOTES
650 ## - SUBJECT ADDED ENTRY--TOPICAL TERM
Topical term or geographic name entry element PAN65
650 ## - SUBJECT ADDED ENTRY--TOPICAL TERM
Topical term or geographic name entry element OPEN SPACES
690 ## - LOCAL SUBJECT ADDED ENTRY--TOPICAL TERM (OCLC, RLIN)
Topical term or geographic name as entry element ENVIRONMENTAL AND LAND CONSULTANCY-PLANNING AND DEVELOPMENT
942 ## - ADDED ENTRY ELEMENTS (KOHA)
Suppress in OPAC 0
Holdings
Withdrawn status Lost status Source of classification or shelving scheme Damaged status Not for loan Home library Current library Shelving location Date acquired Total Checkouts Full call number Barcode Date last seen Copy number Price effective from Koha item type
    Dewey Decimal Classification     London London News article 29/01/2003   WB3904-19 121172-1001 06/08/2019 1 06/08/2019 News article